000 00415nam a22001337a 4500
999 _c80349
_d80349
008 201208b ||||| |||| 00| 0 eng d
040 _dStAFF
041 _ager
245 _aStadt Mühlheim an der Ruhr/
_bFrank-Rainer Hesselmann, Heinz Ingensiep, Reinhold Klugewitz, u.a.
260 _a[München]
_b[Kunstverlag Josef Bühn]
_c[1989]
300 _a183 Seiten :
_bzahlr. Ill.
942 _2z
_cB